000 00468nas a2200169 i 4500
001 143061
003 ES-MaACL
005 20250217134826.0
007 t|
008 070214d19661967sp | r |001 |spa d
245 0 0 _aSelemundo
_b: todo cuanto todos deben saber.
260 _aMadrid :
_bSelecciones del Reader's Digest,
_c[1966-1967] (
_fGrafiplax)
300 _aIV, 1018 p. ;
_c21 cm.
852 _aES-MaACL
_jC-31107
866 0 _o1967
999 _c143061
_d143061